Making Men Whole (Record no. 13071)

MARC details
000 -LEADER
fixed length control field 00599nam a2200253 a 4500
020 ## - INTERNATIONAL STANDARD BOOK NUMBER
ISBN
082 00 - DEWEY DECIMAL CLASSIFICATION NUMBER
Classification number 233
Author Cutter PHI
100 ## - MAIN ENTRY--AUTHOR NAME
Author name Phillips, J B
245 ## - TITLE STATEMENT
Title Making Men Whole
260 ## - PUBLICATION, DISTRIBUTION, ETC. (IMPRINT)
Place of publication London
Name of publisher Macmillan and Co.
Year of publication 1953
300 ## - PHYSICAL DESCRIPTION
Number of Pages 75p
500 ## - GENERAL NOTE
General note includes index and biblioraphy
505 2# - FORMATTED CONTENTS NOTE
Formatted contents note Index
650 ## - SUBJECT ADDED ENTRY--TOPICAL TERM
Topical Term Man-Christian Theology
650 ## - SUBJECT ADDED ENTRY--TOPICAL TERM
Topical Term Theology-Doctrinal
942 ## - ADDED ENTRY ELEMENTS (KOHA)
Koha item type Books
700 1# -
-- Phillips, J B
Holdings
Collection code Home library Current library Date acquired Cost, normal purchase price Full call number Accession Number Koha item type
  Henry Martyn Institute Library Henry Martyn Institute Library 06/20/2007 73.50 233 PHI 016508 Books
                   Copyright © 2026 | Henry Martyn Institute | Hyderabad | TS-500052 | INDIA | Implemented by hmi.edu.in
Hit-Count:

Powered by Koha